Central Library OPAC University of Rajshahi

The limits of order / (Record no. 4281)

MARC details
000 -LEADER
fixed length control field 00801pam a2200253 4500
001 - CONTROL NUMBER
control field 4281
003 - CONTROL NUMBER IDENTIFIER
rucl marc code BD-RjUL
005 - DATE AND TIME OF LATEST TRANSACTION
control field 20211208233851.0
008 - FIXED-LENGTH DATA ELEMENTS--GENERAL INFORMATION
fixed length control field 123122s1974 mau b 001 0 eng
020 ## - INTERNATIONAL STANDARD BOOK NUMBER
International Standard Book Number 0669966444
035 ## - SYSTEM CONTROL NUMBER
System control number (BD-RjUL)4316
040 ## - CATALOGING SOURCE
Original cataloging agency DLC
Transcribing agency DLC
Modifying agency DLC
-- BD-RjUL
Language of cataloging eng
041 ## - LANGUAGE CODE
Language code of text/sound track or separate title eng
082 00 - DEWEY DECIMAL CLASSIFICATION NUMBER
Classification number 345.79405
Author mark and year CAL 1974
Edition number 23
100 1# - MAIN ENTRY--PERSONAL NAME
Personal name Carter, Lief H.
9 (RLIN) 13559
245 14 - TITLE STATEMENT
Title The limits of order /
Statement of responsibility, etc. [by] Lief H. Carter.
260 ## - PUBLICATION, DISTRIBUTION, ETC. (IMPRINT)
Place of publication, distribution, etc. Lexington, Mass :
Name of publisher, distributor, etc. Lexington Books,
Date of publication, distribution, etc. c1974.
300 ## - PHYSICAL DESCRIPTION
Pagination xiii, 206 p. ;
Size 24 cm.
504 ## - BIBLIOGRAPHY, ETC. NOTE
Bibliography, etc Includes bibliographical references and index.
650 #0 - SUBJECT ADDED ENTRY--TOPICAL TERM
Topical term or geographic name as entry element Criminal justice, Administration of
Geographic subdivision California
General subdivision Case studies.
9 (RLIN) 13560
Topical term or geographic name as entry element Public prosecutors
Geographic subdivision California
General subdivision Case studies.
9 (RLIN) 13561
942 ## - ADDED ENTRY ELEMENTS (KOHA)
Source of classification or shelving scheme Dewey Decimal Classification
Koha item type Books
Holdings
Lost status Source of classification or shelving scheme Damaged status Not for loan Collection code Permanent Location Current Location Shelving location Date acquired Source of acquisition Cost, normal purchase price Total Checkouts Full call number Date last seen Copy number Koha item type
  Dewey Decimal Classification   Not For Loan Non-fiction Central Library, University of Rajshahi Central Library, University of Rajshahi   26/12/1980 Heffer 8.85   345.79405 CAL 1974 22/12/2013 C-3 Books
  Dewey Decimal Classification     Non-fiction Central Library, University of Rajshahi Central Library, University of Rajshahi   09/08/1979 haffers 8.85   345.79405 CAL 1974 02/08/2016 C-4 Books
  Dewey Decimal Classification     Non-fiction Central Library, University of Rajshahi Central Library, University of Rajshahi   09/08/1979 haffers 8.85   345.79405 CAL 1974 02/08/2016 C-5 Books